Name all Metroid Games - Statistics

General Stats
  • This quiz has been taken 60 times
    32 since last reset
  • The average score is 11 of 16
Answer Stats
Hint Answer % Correct
NES Metroid
100%
SNES Super Metroid
92%
GameCube Metroid Prime
88%
Nintendo Switch Metroid Dread
85%
Game Boy Advance Metroid Fusion
81%
Game Boy Advance Metroid: Zero Mission
81%
GameCube Metroid Prime 2: Echoes
77%
Nintendo Wii Metroid Prime 3: Corruption
69%
Nintendo Wii Metroid: Other M
65%
Nintendo 3DS Metroid: Samus Returns
65%
Nintendo Switch/Switch 2 Metroid Prime 4: Beyond
58%
Nintendo 3DS Metroid Prime: Federation Force
54%
Nintendo DS Metroid Prime Hunters
54%
Nintendo Wii Metroid Prime: Trilogy
50%
Game Boy Metroid II: Return of Samus
42%
Nintendo DS Metroid Prime Pinball
42%
No matching quizzes found
Score Distribution
Percent of People with Each Score
Percentile by Number Answered
Your Score History
You have not taken this quiz since the last reset